<?xml version="1.0" encoding="UTF-8"?><?xml-stylesheet type="text/xsl" href="static/style.xsl"?><OAI-PMH xmlns="http://www.openarchives.org/OAI/2.0/" xmlns:xsi="http://www.w3.org/2001/XMLSchema-instance" xsi:schemaLocation="http://www.openarchives.org/OAI/2.0/ http://www.openarchives.org/OAI/2.0/OAI-PMH.xsd"><responseDate>2026-04-17T17:34:44Z</responseDate><request verb="GetRecord" identifier="oai:www.recercat.cat:2445/228875" metadataPrefix="marc">https://recercat.cat/oai/request</request><GetRecord><record><header><identifier>oai:recercat.cat:2445/228875</identifier><datestamp>2026-04-14T10:08:13Z</datestamp><setSpec>com_2072_1057</setSpec><setSpec>col_2072_478798</setSpec><setSpec>col_2072_478917</setSpec></header><metadata><record xmlns="http://www.loc.gov/MARC21/slim" xmlns:dcterms="http://purl.org/dc/terms/" xmlns:xsi="http://www.w3.org/2001/XMLSchema-instance" xmlns:doc="http://www.lyncode.com/xoai" xsi:schemaLocation="http://www.loc.gov/MARC21/slim http://www.loc.gov/standards/marcxml/schema/MARC21slim.xsd">
   <leader>00925njm 22002777a 4500</leader>
   <datafield ind2=" " ind1=" " tag="042">
      <subfield code="a">dc</subfield>
   </datafield>
   <datafield ind2=" " ind1=" " tag="720">
      <subfield code="a">Reverter Masia, Joaquin</subfield>
      <subfield code="e">author</subfield>
   </datafield>
   <datafield ind2=" " ind1=" " tag="720">
      <subfield code="a">Cirer Sastre, Rafel</subfield>
      <subfield code="e">author</subfield>
   </datafield>
   <datafield ind2=" " ind1=" " tag="720">
      <subfield code="a">Jové Deltell, Carme</subfield>
      <subfield code="e">author</subfield>
   </datafield>
   <datafield ind2=" " ind1=" " tag="720">
      <subfield code="a">Corbi, Francisco</subfield>
      <subfield code="e">author</subfield>
   </datafield>
   <datafield ind2=" " ind1=" " tag="720">
      <subfield code="a">López Laval, Isaac</subfield>
      <subfield code="e">author</subfield>
   </datafield>
   <datafield ind2=" " ind1=" " tag="720">
      <subfield code="a">Hernández González, Vicenç</subfield>
      <subfield code="e">author</subfield>
   </datafield>
   <datafield ind2=" " ind1=" " tag="260">
      <subfield code="c">2026-04-13T17:20:15Z</subfield>
   </datafield>
   <datafield ind2=" " ind1=" " tag="260">
      <subfield code="c">2026-04-13T17:20:15Z</subfield>
   </datafield>
   <datafield ind2=" " ind1=" " tag="260">
      <subfield code="c">2025</subfield>
   </datafield>
   <datafield ind2=" " ind1=" " tag="260">
      <subfield code="c">2026-04-13T17:20:15Z</subfield>
   </datafield>
   <datafield ind2=" " ind1=" " tag="520">
      <subfield code="a">El fútbol semi-profesional impone una gran demanda física, aumentando el riesgo de lesiones musculares debido a la acumulación de partidos y sesiones de entrenamiento con periodos de recuperación limitados. Este estudio evaluó los niveles de interleucina-6 (IL-6) en futbolistas semi-profesionales durante un partido de futbol siete, tanto en adultos como en niños. Se observó un notable aumento en los niveles de IL-6 tras un ejercicio de alta intensidad. La IL-6 no solo refleja una respuesta inflamatoria aguda, sino también una adaptación para mantener la homeostasis energética. Este incremento se asoció con una respuesta inflamatoria de fase aguda, evidenciada por el aumento de la intensidad del ejercicio. Aunque el ejercicio continuado mejora la eficiencia energética de los miocitos y podría reducir la liberación de IL-6, el ejercicio de alta intensidad en el fútbol semi-profesional parece superar estos efectos adaptativos. Esto subraya la necesidad de estrategias de recuperación adecuadas para mitigar el impacto del estrés físico acumulado y prevenir lesiones musculares. En conclusión, los niveles de IL-6 aumentan en respuesta al ejercicio intenso durante un partido de fútbol en jugadores semi-profesionales, tanto adultos como niños. Estos hallazgos destacan la importancia de monitorear IL-6 y otros marcadores inflamatorios para desarrollar estrategias efectivas de entrenamiento y recuperación. Futuros estudios deben investigar intervenciones que modulen la respuesta de IL-6 y optimicen la recuperación en atletas.</subfield>
   </datafield>
   <datafield ind1="8" ind2=" " tag="024">
      <subfield code="a">https://hdl.handle.net/2445/228875</subfield>
   </datafield>
   <datafield tag="653" ind2=" " ind1=" ">
      <subfield code="a">Exercici</subfield>
   </datafield>
   <datafield tag="653" ind2=" " ind1=" ">
      <subfield code="a">Interleucines</subfield>
   </datafield>
   <datafield tag="653" ind2=" " ind1=" ">
      <subfield code="a">Esportistes</subfield>
   </datafield>
   <datafield tag="653" ind2=" " ind1=" ">
      <subfield code="a">Exercise</subfield>
   </datafield>
   <datafield tag="653" ind2=" " ind1=" ">
      <subfield code="a">Interleukins</subfield>
   </datafield>
   <datafield tag="653" ind2=" " ind1=" ">
      <subfield code="a">Athletes</subfield>
   </datafield>
   <datafield ind2="0" ind1="0" tag="245">
      <subfield code="a">Impacto del ejercicio intenso en los niveles de interleucina-6 en futbolistas semi-profesionales: un estudio comparativo entre adultos y niños.</subfield>
   </datafield>
</record></metadata></record></GetRecord></OAI-PMH>